60 Second Blitz: US Presidents Quiz Stats

 Plays Quiz Updated Jan 20, 2017

Support Sporcle.
Go Orange.
Score 0/46 Timer 01:00
23 Plays Today
President % Correct
George Washington
92.1%
John Adams
89.5%
George W. Bush
89.5%
John Quincy Adams
89.2%
George H. W. Bush
89.1%
Barack Obama
80.7%
Franklin D. Roosevelt
80.6%
Theodore Roosevelt
80.1%
Thomas Jefferson
78%
Abraham Lincoln
77.7%
Bill Clinton
75.5%
Donald Trump
74.8%
Lyndon B. Johnson
73.6%
Andrew Johnson
73.2%
John F. Kennedy
69.4%
Joe Biden
68.3%
Richard Nixon
67.9%
Ronald Reagan
66.4%
Andrew Jackson
66.2%
Jimmy Carter
65.8%
James Madison
65.6%
James Monroe
65%
Gerald Ford
63%
President % Correct
William Howard Taft
60.9%
William Henry Harrison
60.1%
Benjamin Harrison
60%
James K. Polk
59.4%
Ulysses S. Grant
55.2%
John Tyler
54.9%
Herbert Hoover
54.4%
Dwight D. Eisenhower
54%
Grover Cleveland
53.2%
Grover Cleveland (Again)
53.2%
Zachary Taylor
52%
Harry S. Truman
50.8%
Calvin Coolidge
50%
Woodrow Wilson
49.5%
Martin Van Buren
48.6%
Franklin Pierce
46%
James Garfield
44.1%
Rutherford B. Hayes
43.6%
Millard Fillmore
43.1%
James Buchanan
42.7%
William McKinley
42.2%
Warren Harding
41.8%
Chester A. Arthur
40.6%

From the Vault

Remove Ads.
Support Sporcle.
Get the best of Sporcle when you Go Orange. This ad-free experience offers more features, more stats, and more fun while also helping to support Sporcle. Thank you for becoming a member.

Show Comments

Extras

Top Quizzes Today


Score Distribution

Your Account Isn't Verified!

In order to create a playlist on Sporcle, you need to verify the email address you used during registration. Go to your Sporcle Settings to finish the process.

Report this User

Report this user for behavior that violates our Community Guidelines.

Details: